[Event "Plzen, JF A"]
[Site "?"]
[Date "1998.??.??"]
[Round "1.3"]
[White "Jirovsky, P."]
[Black "Cedikova, K."]
[Result "0-1"]
[WhiteElo "2380"]
[BlackElo "2055"]
[PlyCount "136"]
[EventDate "1998.??.??"]
[Source "ChessBase"]
[SourceDate "1996.11.15"]

1. e4 c5 2. Nc3 Nc6 3. f4 g6 4. Nf3 Bg7 5. Bc4 e6 6. O-O Nge7 7. d3 O-O 8. Qe1
d5 9. Bb3 a6 10. a4 b6 11. f5 d4 12. Ne2 exf5 13. Qh4 Ne5 14. Bg5 Ra7 15. exf5
Bxf5 16. Nxe5 Bxe5 17. Rxf5 gxf5 18. Rf1 Qd6 19. Rf3 Ng6 20. Qh5 Re8 21. Rxf5
Bxh2+ 22. Kf1 Be5 23. Qf3 Rf8 24. Bh6 Bg7 25. Bxg7 Kxg7 26. Ng3 Re7 27. Rh5 Qf4
28. Nf5+ Kh8 29. Nxe7 Qxf3+ 30. gxf3 Nxe7 31. a5 f5 32. axb6 Rf6 33. b7 Rb6 34.
Be6 Rxb7 35. b3 Rb6 36. Bxf5 Nxf5 37. Rxf5 Rc6 38. Rf7 Kg8 39. Ra7 Rf6 40. Kf2
Rh6 41. Kg3 Rg6+ 42. Kf2 Rh6 43. Kg2 Rg6+ 44. Kf1 Rf6 45. Ke2 Re6+ 46. Kd1 h5
47. Rc7 h4 48. Rxc5 Kg7 49. Rh5 Rh6 50. Rg5+ Kf6 51. Rg2 h3 52. Rh2 Kg5 53. Ke2
Kh4 54. Kf2 Rc6 55. Kg1 Kg3 56. Rf2 Rf6 57. b4 Rxf3 58. Rd2 Re3 59. Rd1 Re2 60.
Rc1 Rd2 61. Kh1 h2 62. Rf1 Rxc2 63. b5 Rb2 64. bxa6 Ra2 65. Rb1 Rxa6 66. Rf1
Re6 67. Rd1 Re2 68. Ra1 Rg2 0-1

[Event "Plzen, JF A"]
[Site "?"]
[Date "1998.??.??"]
[Round "1.4"]
[White "Flaisigova, P."]
[Black "Neumann, P."]
[Result "0-1"]
[WhiteElo "2055"]
[BlackElo "2360"]
[PlyCount "64"]
[EventDate "1998.??.??"]
[Source "ChessBase"]
[SourceDate "1996.11.15"]

1. e4 c5 2. Nf3 e6 3. c4 Nc6 4. Nc3 Nf6 5. Be2 d5 6. exd5 exd5 7. d4 Be6 8. Be3
dxc4 9. O-O cxd4 10. Nxd4 Nxd4 11. Bxd4 Qa5 12. Bxf6 gxf6 13. Qd4 Qe5 14. Rfd1
Qxd4 15. Rxd4 Rc8 16. Rc1 f5 17. Nd5 b5 18. Nf6+ Ke7 19. Nd5+ Kd6 20. Nb6+ Kc5
21. Nxc8 Kxd4 22. Nxa7 Bh6 23. Rd1+ Kc5 24. Bf3 Bg7 25. Rd2 b4 26. Nc6 c3 27.
bxc3 bxc3 28. Rc2 Rc8 29. Na5 Kb4 30. Nc6+ Ka3 31. Na7 Rh8 32. Kf1 Bxa2 0-1

[Event "Plzen, JF A"]
[Site "?"]
[Date "1998.??.??"]
[Round "1.5"]
[White "Simacek, P."]
[Black "Teterev, V."]
[Result "1-0"]
[WhiteElo "2350"]
[BlackElo "2040"]
[Annotator "Herejk,Petr"]
[PlyCount "61"]
[EventDate "1998.??.??"]
[Source "ChessBase"]
[SourceDate "1996.11.15"]

1. e4 c5 2. Nf3 d6 3. d4 cxd4 4. Nxd4 Nf6 5. Nc3 a6 6. Be3 Ng4 7. Bg5 h6 8. Bh4
g5 9. Bg3 Bg7 10. Be2 h5 11. Bxg4 Bxg4 12. f3 Bd7 13. Bf2 Nc6 14. O-O Be5 15.
Nd5 Rb8 16. c3 e6 17. Ne3 b5 18. Qd3 Ne7 19. Rad1 Ng6 20. g3 Bg7 21. Qe2 O-O
22. Be1 Re8 23. Kh1 Qc7 24. Qg2 Bc8 25. Qh3 g4 26. Qxh5 gxf3 27. Nxf3 Bb7 28.
Ng5 Nh8 29. Qh7+ Kf8 30. Ng4 Qc5 31. Qxh8+ (31. Qxh8+ Bxh8 32. Rxf7+ Kg8 33.
Nh6#) 1-0

[Event "Plzen, JF A"]
[Site "?"]
[Date "1998.??.??"]
[Round "1.6"]
[White "Weiss, O."]
[Black "Kulhanek, T."]
[Result "1-0"]
[WhiteElo "2062"]
[BlackElo "2340"]
[PlyCount "53"]
[EventDate "1998.??.??"]
[Source "ChessBase"]
[SourceDate "1996.11.15"]

1. d4 Nf6 2. Nf3 d5 3. e3 e6 4. Bd3 b6 5. O-O Bb7 6. b3 Nbd7 7. Bb2 Bd6 8. Ne5
O-O 9. Nd2 c5 10. f4 Ne4 11. Rf3 f6 12. Nxd7 Qxd7 13. Rh3 h6 14. Nxe4 dxe4 15.
Bc4 Bd5 16. Bf1 cxd4 17. Bxd4 Rad8 18. Qg4 Kh7 19. Qh4 e5 20. fxe5 fxe5 21. Bb2
Rf6 22. Rd1 Rdf8 23. g4 Qf7 24. Bg2 Rf2 25. g5 Bc5 26. Bxe5 Be6 27. Qxh6+ 1-0

[Event "Plzen, JF A"]
[Site "?"]
[Date "1998.??.??"]
[Round "1.7"]
[White "Starostits, I."]
[Black "Bujnoch, R."]
[Result "1-0"]
[WhiteElo "2330"]
[BlackElo "2053"]
[PlyCount "69"]
[EventDate "1998.??.??"]
[Source "ChessBase"]
[SourceDate "1996.11.15"]

1. e4 c5 2. Nf3 d6 3. d4 cxd4 4. Nxd4 Nf6 5. Nc3 g6 6. g3 Bg7 7. Bg2 O-O 8. O-O
Bd7 9. h3 Nc6 10. Nde2 Rb8 11. g4 b5 12. Ng3 b4 13. Nce2 Na5 14. Nd4 Qb6 15. a3
bxa3 16. Rxa3 Nc4 17. Rb3 Qc5 18. Rxb8 Rxb8 19. b3 Nb6 20. Bb2 Rc8 21. c4 a5
22. Qd3 a4 23. Rc1 axb3 24. Nxb3 Qb4 25. g5 Na4 26. Ba1 Ne8 27. Bxg7 Nxg7 28.
Nd2 Nc5 29. Qe3 Nge6 30. Rb1 Qa5 31. f4 Nc7 32. h4 N7a6 33. h5 f6 34. f5 gxh5
35. Nxh5 1-0

[Event "Plzen, JF A"]
[Site "?"]
[Date "1998.??.??"]
[Round "1.8"]
[White "Loidl, F."]
[Black "Mihaljovskij, S."]
[Result "0-1"]
[WhiteElo "2027"]
[BlackElo "2310"]
[PlyCount "74"]
[EventDate "1998.??.??"]
[Source "ChessBase"]
[SourceDate "1996.11.15"]

1. e4 g6 2. d4 Bg7 3. Nc3 c6 4. f4 d5 5. e5 Nh6 6. Nf3 O-O 7. Be2 f6 8. O-O Qb6
9. Na4 Qa5 10. Nc5 Qc7 11. exf6 exf6 12. Re1 b6 13. Nb3 Qf7 14. Bd2 a5 15. a4
Be6 16. Nc1 Nd7 17. Nd3 Nf5 18. b4 axb4 19. Bxb4 Rfc8 20. Bf1 c5 21. dxc5 bxc5
22. Qe2 cxb4 23. Qxe6 Bf8 24. g4 Qxe6 25. Rxe6 Nh6 26. g5 fxg5 27. fxg5 Nf5 28.
Bg2 Ra5 29. Ra2 Rc3 30. Nf4 Bc5+ 31. Kh1 Ra3 32. Rxa3 bxa3 33. Re1 Ne3 34. Bh3
Nb6 35. Be6+ Kg7 36. Nd2 Bb4 37. Nd3 Bxd2 0-1

[Event "Plzen, JF A"]
[Site "?"]
[Date "1998.??.??"]
[Round "1.10"]
[White "Kolar, J."]
[Black "Paramonov, D."]
[Result "1/2-1/2"]
[WhiteElo "1999"]
[BlackElo "2200"]
[PlyCount "84"]
[EventDate "1998.??.??"]
[Source "ChessBase"]
[SourceDate "1996.11.15"]

1. d4 Nf6 2. Nf3 e6 3. c4 b6 4. g3 Ba6 5. b3 Bb4+ 6. Bd2 Be7 7. Bg2 c6 8. Bc3
d5 9. Nbd2 Nbd7 10. O-O O-O 11. Qc2 Rb8 12. Rfe1 c5 13. dxc5 bxc5 14. Ne5 Qc7
15. Nxd7 Qxd7 16. Rad1 d4 17. Bb2 Bb7 18. Ne4 Nxe4 19. Bxe4 Bxe4 20. Qxe4 f5
21. Qc2 e5 22. e3 Bf6 23. Ba3 Rbc8 24. b4 e4 25. exd4 cxd4 26. c5 Qd5 27. Bb2
Rb8 28. a3 a5 29. Qd2 axb4 30. axb4 Qc4 31. c6 d3 32. Rc1 Qb5 33. Bxf6 Rxf6 34.
Rc5 Qb6 35. c7 Rc8 36. Rec1 Rf7 37. Qc3 f4 38. Rc6 Qa7 39. Ra1 Qb7 40. Rc1 fxg3
41. hxg3 Qa7 42. Qc5 Qa2 1/2-1/2

[Event "Plzen, JF A"]
[Site "?"]
[Date "1998.??.??"]
[Round "1.12"]
[White "Herskovic, R."]
[Black "Jirka, J."]
[Result "0-1"]
[WhiteElo "1955"]
[BlackElo "2195"]
[PlyCount "44"]
[EventDate "1998.??.??"]
[Source "ChessBase"]
[SourceDate "1996.11.15"]

1. e4 e5 2. f4 Bc5 3. Nf3 d6 4. c3 Nf6 5. d4 exd4 6. cxd4 Bb6 7. Nc3 O-O 8. Bd3
Nc6 9. e5 Re8 10. Kf1 dxe5 11. fxe5 Nxd4 12. exf6 Nxf3 13. Qxf3 Bg4 14. Qg3 Re3
15. Bxh7+ Kxh7 16. Bxe3 Qd3+ 17. Kf2 Qd2+ 18. Kf1 Bxe3 19. Rd1 Be2+ 20. Nxe2
Qxd1+ 21. Qe1 Qd3 22. Qg3 Qb1+ 0-1

[Event "Plzen, JF A"]
[Site "?"]
[Date "1998.??.??"]
[Round "1.13"]
[White "Virostko, P."]
[Black "Tokmachev, V."]
[Result "1-0"]
[WhiteElo "2190"]
[BlackElo "1950"]
[PlyCount "55"]
[EventDate "1998.??.??"]
[Source "ChessBase"]
[SourceDate "1996.11.15"]

1. e4 d5 2. exd5 Nf6 3. d4 Bg4 4. Nf3 Qxd5 5. Nc3 Qh5 6. Bf4 Bxf3 7. Qxf3 Qxf3
8. gxf3 Nc6 9. d5 Nb4 10. O-O-O O-O-O 11. Bc4 g6 12. Rhe1 Rd7 13. Be3 Kb8 14.
Kb1 Ka8 15. Bd4 a5 16. a3 Na6 17. Be5 Rg8 18. Bb5 Rd8 19. Bxa6 bxa6 20. Bxc7
Rd7 21. Bxa5 Rb7 22. Bb4 Nd7 23. Ka2 Bg7 24. Rxe7 Rgb8 25. Na4 a5 26. Bc3 Rxb2+
27. Bxb2 Nc5 28. Bd4 1-0

[Event "Plzen, JF A"]
[Site "?"]
[Date "1998.??.??"]
[Round "1.17"]
[White "Soukup, J."]
[Black "Kracík, D."]
[Result "1-0"]
[WhiteElo "2140"]
[BlackElo "1881"]
[PlyCount "113"]
[EventDate "1998.??.??"]
[Source "ChessBase"]
[SourceDate "1996.11.15"]

1. e4 c5 2. Nf3 d6 3. d4 cxd4 4. Nxd4 Nf6 5. Nc3 a6 6. Be3 e6 7. Bd3 Be7 8. O-O
Qc7 9. Kh1 Nbd7 10. f4 Nc5 11. Qf3 b5 12. a3 Bb7 13. Bd2 Rd8 14. b4 d5 15. e5
Nfe4 16. Be1 Nxc3 17. bxc5 Ne4 18. c6 Bxc6 19. Ba5 Qxa5 20. Nxc6 Qb6 21. Nxd8
Qxd8 22. Bxe4 dxe4 23. Qxe4 O-O 24. Qc6 Qa5 25. a4 Qd2 26. Qxa6 bxa4 27. Qxa4
Rd8 28. c4 Qe3 29. Rad1 Rb8 30. Qa5 h6 31. Qc7 Re8 32. Rd7 Kf8 33. Qa7 Qc3 34.
c5 Qxc5 35. Qxc5 Bxc5 36. Rc1 Rb8 37. g3 Ke8 38. Rc7 Be3 39. Rc8+ Rxc8 40.
Rxc8+ Kd7 41. Rb8 g6 42. Kg2 h5 43. Kf3 Bg1 44. h3 Ke7 45. g4 hxg4+ 46. hxg4
Bd4 47. Ke4 Bf2 48. f5 gxf5+ 49. gxf5 exf5+ 50. Kxf5 Bg3 51. Rh8 Be1 52. Rh7
Ke8 53. Kf6 Bc3 54. Rh8+ Kd7 55. Rf8 Bd4 56. Rxf7+ Ke8 57. Rh7 1-0

[Event "Plzen, JF A"]
[Site "?"]
[Date "1998.??.??"]
[Round "1.20"]
[White "Balin, K."]
[Black "Dvorak, T."]
[Result "1/2-1/2"]
[WhiteElo "1848"]
[BlackElo "2110"]
[PlyCount "70"]
[EventDate "1998.??.??"]
[Source "ChessBase"]
[SourceDate "1996.11.15"]

1. d4 d5 2. c4 c6 3. cxd5 cxd5 4. Nc3 Nc6 5. Nf3 Nf6 6. Bf4 a6 7. e3 Bg4 8. Be2
e6 9. O-O Bxf3 10. Bxf3 Be7 11. Qd2 O-O 12. Rfc1 Rc8 13. Na4 Bb4 14. Qd1 b5 15.
Nc5 Bxc5 16. Rxc5 Qb6 17. b3 Nd7 18. Rcc1 Ne7 19. Qd2 h6 20. Qb4 Rxc1+ 21. Rxc1
Rc8 22. Rxc8+ Nxc8 23. Qc3 Ne7 24. Bc7 Qb7 25. h3 Nc6 26. Bd6 Nf6 27. Qc5 a5
28. a3 Nd7 29. Qc2 Nf6 30. Kf1 b4 31. Kg1 bxa3 32. Bxa3 Nb4 33. Qc5 Nd3 34. Qc3
Nb4 35. Qc5 Nd3 1/2-1/2

[Event "Plzen, JF A"]
[Site "?"]
[Date "1998.??.??"]
[Round "1.22"]
[White "Brychta, J."]
[Black "Decka, E."]
[Result "0-1"]
[WhiteElo "2048"]
[BlackElo "2100"]
[PlyCount "88"]
[EventDate "1998.??.??"]
[Source "ChessBase"]
[SourceDate "1996.11.15"]

1. e4 c5 2. Nf3 d6 3. d4 cxd4 4. Nxd4 Nf6 5. Nc3 a6 6. Bg5 Nc6 7. Qd2 e6 8.
O-O-O h6 9. Be3 Be7 10. f4 Nxd4 11. Bxd4 b5 12. Bd3 Rb8 13. Kb1 b4 14. Ne2 Qa5
15. e5 Nd5 16. c4 bxc3 17. Nxc3 O-O 18. Nxd5 Qxd5 19. Qe3 Qb7 20. Qg3 d5 21. f5
exf5 22. e6 Bg5 23. Qe5 fxe6 24. Bxa6 Qd7 25. Qxb8 Bxa6 26. Qb6 Bb5 27. Rhe1
Bc6 28. Qa7 Qxa7 29. Bxa7 Re8 30. Bd4 Bf6 31. Be5 Kf7 32. b3 Bxe5 33. Rxe5 Kf6
34. Re2 e5 35. a4 d4 36. a5 Rb8 37. Kb2 Bd5 38. Ka3 Rxb3+ 39. Ka4 d3 40. Re3 e4
41. a6 f4 42. Ree1 Rb8 43. Ka5 Rb2 44. g3 f3 0-1

[Event "Plzen, JF A"]
[Site "?"]
[Date "1998.??.??"]
[Round "2.7"]
[White "Konigova, P."]
[Black "Praznik, N."]
[Result "0-1"]
[WhiteElo "1896"]
[BlackElo "2200"]
[PlyCount "130"]
[EventDate "1998.??.??"]
[Source "ChessBase"]
[SourceDate "1996.11.15"]

1. e4 e6 2. d4 d5 3. Nc3 Bb4 4. Qd3 Ne7 5. Bd2 O-O 6. e5 b6 7. a3 Ba6 8. Qh3
Bxc3 9. bxc3 Bxf1 10. Kxf1 Ng6 11. Nf3 c5 12. Ng5 h6 13. Nf3 f5 14. Qg3 Kf7 15.
h4 Nc6 16. h5 Nge7 17. Qf4 Ke8 18. Rb1 Qc8 19. Kg1 Qa6 20. dxc5 bxc5 21. a4 Kd7
22. Kh2 Rab8 23. Be3 Qa5 24. Bd2 c4 25. Nd4 Nxd4 26. Qxd4 Nc6 27. Qe3 f4 28.
Qh3 Qd8 29. Qg4 Qg5 30. Qxg5 hxg5 31. Rhe1 Rh8 32. g4 g6 33. Rxb8 Nxb8 34. Rb1
Kc7 35. Kg2 gxh5 36. gxh5 Rxh5 37. f3 Nc6 38. Re1 Rh8 39. Re2 Rf8 40. Be1 Rf5
41. Bf2 Rxe5 42. Rxe5 Nxe5 43. Bxa7 Nc6 44. Bc5 e5 45. Kh3 d4 46. cxd4 exd4 47.
Kg2 Kb7 48. Bf8 Nd8 49. Be7 Ne6 50. Kf2 Kb6 51. Bb4 Nc5 52. Ke2 Nxa4 53. Be7
Nc3+ 54. Kd2 Nd5 55. Bxg5 Kc5 56. Bh6 c3+ 57. Ke2 Kc4 58. Bg5 Ne3 59. Bxf4 Nxc2
60. Bc1 d3+ 61. Kd1 Nd4 62. f4 Nf3 63. Be3 c2+ 64. Kc1 Kc3 65. f5 d2+ 0-1

[Event "Plzen, JF A"]
[Site "?"]
[Date "1998.??.??"]
[Round "2.8"]
[White "Jirka, J."]
[Black "Domlatil, J."]
[Result "1/2-1/2"]
[WhiteElo "2195"]
[BlackElo "2085"]
[PlyCount "97"]
[EventDate "1998.??.??"]
[Source "ChessBase"]
[SourceDate "1996.11.15"]

1. d4 d5 2. g3 Nf6 3. Bg2 Bf5 4. Nf3 e6 5. O-O Be7 6. c4 O-O 7. Nc3 c6 8. h3
Nbd7 9. Nh4 Bg6 10. Nxg6 hxg6 11. e4 dxe4 12. Nxe4 Nb6 13. Qd3 c5 14. Nxf6+
Bxf6 15. d5 exd5 16. cxd5 Bd4 17. Rb1 Nxd5 18. Qf3 Nb4 19. Qxb7 Qf6 20. Qb5
Rab8 21. Qc4 Rfe8 22. Bf4 Rb6 23. a3 Nc6 24. Qa4 Re7 25. h4 Re6 26. b3 Ne5 27.
Qxa7 Nd3 28. Qa8+ Kh7 29. Be3 Qe5 30. Bxd4 Qxd4 31. Qd5 Re2 32. Qxd4 cxd4 33.
Bd5 Rf6 34. Bc4 Rd2 35. Bxd3 Rxd3 36. Rfd1 Rdf3 37. Rd2 Rb6 38. Rdb2 Rc3 39.
Kg2 d3 40. a4 Rc2 41. Kf3 Rf6+ 42. Ke3 Rfxf2 43. Rxc2 dxc2 44. Rg1 Rg2 45. Rc1
Rxg3+ 46. Kd4 Rxb3 47. Rxc2 Rh3 48. Ra2 Rxh4+ 49. Kc5 1/2-1/2

[Event "Plzen, JF A"]
[Site "?"]
[Date "1998.??.??"]
[Round "2.21"]
[White "Teterev, V."]
[Black "Buldrova, M."]
[Result "1-0"]
[WhiteElo "2040"]
[BlackElo "1860"]
[PlyCount "55"]
[EventDate "1998.??.??"]
[Source "ChessBase"]
[SourceDate "1996.11.15"]

1. e4 c5 2. Nf3 d6 3. Bb5+ Bd7 4. Bxd7+ Nxd7 5. O-O Ngf6 6. Qe2 e6 7. b3 Be7 8.
Bb2 O-O 9. c4 Qc7 10. Nc3 a6 11. d4 cxd4 12. Nxd4 Ne5 13. Rac1 Rfd8 14. Kh1 Nc6
15. Rfd1 Rac8 16. f4 Nxd4 17. Rxd4 Nd7 18. Rd3 Nf6 19. Rg3 Qc5 20. e5 dxe5 21.
fxe5 Ne8 22. Ne4 Qc7 23. Nf6+ Bxf6 24. exf6 Qf4 25. Rf1 Rd2 26. Qd1 Qd6 27. Be5
Qd7 28. Rxg7+ 1-0

[Event "Plzen, JF A"]
[Site "?"]
[Date "1998.??.??"]
[Round "3.2"]
[White "Novak, P."]
[Black "Neuman, P."]
[Result "1/2-1/2"]
[WhiteElo "2210"]
[BlackElo "2360"]
[PlyCount "86"]
[EventDate "1998.??.??"]
[Source "ChessBase"]
[SourceDate "1996.11.15"]

1. e4 c5 2. c3 Nf6 3. e5 Nd5 4. d4 cxd4 5. Nf3 d6 6. Qxd4 e6 7. Bb5+ Bd7 8.
Bxd7+ Qxd7 9. exd6 Nc6 10. Qh4 Bxd6 11. Nbd2 Nf4 12. O-O e5 13. Re1 O-O 14. Nc4
Ng6 15. Qh5 Bc7 16. Ng5 h6 17. Rd1 Qe7 18. Ne4 Rfd8 19. Be3 Nf4 20. Qg4 h5 21.
Qf5 g6 22. Qf6 Qxf6 23. Nxf6+ Kg7 24. Bxf4 Kxf6 25. Be3 Ke6 26. f3 Rxd1+ 27.
Rxd1 Rd8 28. Rxd8 Bxd8 29. a4 f5 30. Kf1 Kd5 31. h3 e4 32. fxe4+ Kxe4 33. Ke2
Bc7 34. Nd2+ Kd5 35. Nf3 f4 36. Bf2 Ke4 37. Nd2+ Kf5 38. Nf3 g5 39. b4 a6 40.
b5 axb5 41. axb5 Nd8 42. Kd3 g4 43. Nd4+ Ke5 1/2-1/2

[Event "Plzen, JF A"]
[Site "?"]
[Date "1998.??.??"]
[Round "3.4"]
[White "Starostits, I."]
[Black "Koutecky, V."]
[Result "1-0"]
[WhiteElo "2330"]
[BlackElo "1834"]
[PlyCount "55"]
[EventDate "1998.??.??"]
[Source "ChessBase"]
[SourceDate "1996.11.15"]

1. e4 c6 2. d4 g6 3. Nf3 d5 4. Nc3 Bg7 5. Be3 dxe4 6. Nxe4 Nd7 7. Bc4 Ngf6 8.
Nxf6+ Nxf6 9. O-O O-O 10. Re1 Qc7 11. Qc1 Nd5 12. Bh6 Bg4 13. Ne5 Be6 14. Bb3
c5 15. Bxg7 Kxg7 16. c4 Nf6 17. d5 Bf5 18. Qf4 Qd6 19. Qh4 a6 20. g4 Bd7 21. g5
Ng8 22. Bc2 Rae8 23. Re3 h5 24. Rd1 b5 25. b4 Bc8 26. cxb5 axb5 27. a4 Ba6 28.
Nxg6 1-0

[Event "Plzen, JF A"]
[Site "?"]
[Date "1998.??.??"]
[Round "3.5"]
[White "Praznik, N."]
[Black "Paramonov, D."]
[Result "1-0"]
[WhiteElo "2200"]
[BlackElo "2200"]
[PlyCount "115"]
[EventDate "1998.??.??"]
[Source "ChessBase"]
[SourceDate "1996.11.15"]

1. e4 c5 2. c3 Nf6 3. e5 Nd5 4. Nf3 Nc6 5. Bc4 Nb6 6. Be2 d6 7. exd6 Qxd6 8.
O-O g6 9. Na3 a6 10. d3 Bg7 11. Be3 e5 12. Nd2 f5 13. Ndc4 Nxc4 14. Nxc4 Qe7
15. Nb6 Rb8 16. Nxc8 Rxc8 17. Qb3 Nd8 18. Bf3 h5 19. Bd5 f4 20. Bxf4 Kd7 21.
Rae1 Qd6 22. Bg5 b6 23. Re3 Kc7 24. Rfe1 Nc6 25. Bxc6 Kxc6 26. d4 Rhf8 27. dxc5
Qxc5 28. Qe6+ Qd6 29. Qxd6+ Kxd6 30. Rd3+ Ke6 31. Red1 Rc6 32. Rd7 Bf6 33. Be3
Rb8 34. Kf1 b5 35. Ba7 Rbc8 36. Ke2 Be7 37. Rb7 R8c7 38. Rxc7 Rxc7 39. Be3 a5
40. Bb6 Rc4 41. a3 a4 42. h3 Rc8 43. Rd3 Rb8 44. Ba5 Bg5 45. Bb4 Rd8 46. Rxd8
Bxd8 47. Kd3 Kd5 48. f3 Bg5 49. Bf8 Bc1 50. Kc2 Bf4 51. b3 e4 52. fxe4+ Kxe4
53. c4 axb3+ 54. Kxb3 bxc4+ 55. Kxc4 g5 56. a4 Bb8 57. a5 Kf4 58. a6 1-0

[Event "Plzen, JF A"]
[Site "?"]
[Date "1998.??.??"]
[Round "3.8"]
[White "Virostko, P."]
[Black "Jirka, J."]
[Result "1-0"]
[WhiteElo "2190"]
[BlackElo "2195"]
[PlyCount "79"]
[EventDate "1998.??.??"]
[Source "ChessBase"]
[SourceDate "1996.11.15"]

1. e4 e5 2. Nf3 Nc6 3. Bb5 Nd4 4. Nxd4 exd4 5. Bc4 h5 6. O-O Bc5 7. d3 c6 8. c3
Ne7 9. Nd2 b5 10. Bb3 d5 11. Kh1 a5 12. a3 dxc3 13. bxc3 d4 14. Qf3 f6 15. Qg3
Kf8 16. Bb2 dxc3 17. Bxc3 a4 18. Bc2 h4 19. Qf3 Bd4 20. Bxd4 Qxd4 21. Qd1 c5
22. h3 Qc3 23. e5 Qxe5 24. Nf3 Qh5 25. Rb1 g5 26. Rxb5 g4 27. Qa1 Rh6 28. hxg4
Bxg4 29. Nd2 h3 30. g3 Be2 31. Kh2 Bxf1 32. Qxf1 Qd5 33. Ne4 Rc8 34. Bxa4 Qd4
35. Bb3 c4 36. Qc1 Kg7 37. Bxc4 f5 38. Qg5+ Ng6 39. Rb7+ Kf8 40. Qxh6+ 1-0

[Event "Plzen, JF A"]
[Site "?"]
[Date "1998.??.??"]
[Round "3.11"]
[White "Soukup, J."]
[Black "Macharacek, S."]
[Result "0-1"]
[WhiteElo "2140"]
[BlackElo "2006"]
[PlyCount "118"]
[EventDate "1998.??.??"]
[Source "ChessBase"]
[SourceDate "1996.11.15"]

1. e4 e5 2. Nf3 Nc6 3. Bc4 Nf6 4. d4 exd4 5. O-O Nxe4 6. Re1 d5 7. Bxd5 Qxd5 8.
Nc3 Qh5 9. Nxe4 Be6 10. Bg5 Bb4 11. Nxd4 Qxd1 12. Rexd1 Nxd4 13. Rxd4 Be7 14.
Bxe7 Kxe7 15. a3 Rad8 16. Rad1 Rxd4 17. Rxd4 Rd8 18. Rxd8 Kxd8 19. Nc5 Bc8 20.
f4 Ke7 21. Kf2 Kd6 22. Nb3 Kd5 23. Ke3 c5 24. Nd2 Bf5 25. c4+ Kc6 26. h3 f6 27.
g4 Be6 28. f5 Bf7 29. Kd3 b6 30. Ne4 Be8 31. h4 Kd7 32. a4 a5 33. b3 Bf7 34.
Nc3 Kd6 35. Ke4 h5 36. g5 fxg5 37. hxg5 h4 38. g6 Be8 39. Kf4 h3 40. Ne4+ Ke7
41. f6+ gxf6 42. g7 Bf7 43. Kg3 Be6 44. g8=Q Bxg8 45. Kxh3 Ke6 46. Kg3 Ke5 47.
Kf3 Bh7 48. Nc3 Kd4 49. Ne2+ Kd3 50. Nf4+ Kd4 51. Ne2+ Ke5 52. Ke3 Bc2 53. Nc3
Bxb3 54. Nd5 Bxa4 55. Nxb6 Bc6 56. Nc8 f5 57. Ne7 f4+ 58. Kd3 Be4+ 59. Kc3 f3
0-1

[Event "Plzen, JF A"]
[Site "?"]
[Date "1998.??.??"]
[Round "3.23"]
[White "Buldrova, M."]
[Black "Tokmachev, V."]
[Result "1/2-1/2"]
[WhiteElo "1860"]
[BlackElo "1950"]
[PlyCount "70"]
[EventDate "1998.??.??"]
[Source "ChessBase"]
[SourceDate "1996.11.15"]

1. c4 Nf6 2. Nf3 g6 3. b4 Bg7 4. Bb2 O-O 5. g3 d6 6. Bg2 Bf5 7. O-O Nc6 8. b5
Na5 9. d3 c6 10. bxc6 bxc6 11. Nc3 Rb8 12. Qd2 Qd7 13. Rab1 Nb7 14. Nd4 c5 15.
Nxf5 Qxf5 16. Nb5 a6 17. Nc7 Nd8 18. Nd5 Nxd5 19. Bxd5 Ne6 20. Bxg7 Kxg7 21.
Rb2 Nd4 22. Rfb1 Rxb2 23. Rxb2 e6 24. Bb7 h5 25. Be4 Qg4 26. e3 Nf3+ 27. Bxf3
Qxf3 28. Rb6 Rh8 29. Qb2+ f6 30. Rxd6 h4 31. Rd7+ Kh6 32. gxh4 Kh5 33. Qb7 Qd1+
34. Kg2 Qg4+ 35. Kf1 Qd1+ 1/2-1/2

[Event "Plzen, JF A"]
[Site "?"]
[Date "1998.??.??"]
[Round "4.1"]
[White "Praznik, N."]
[Black "Simacek, P."]
[Result "0-1"]
[WhiteElo "2200"]
[BlackElo "2350"]
[PlyCount "112"]
[EventDate "1998.??.??"]
[Source "ChessBase"]
[SourceDate "1996.11.15"]

1. e4 d5 2. exd5 Nf6 3. d4 Nxd5 4. Nf3 Bg4 5. c3 e6 6. Be2 Nc6 7. O-O Bd6 8.
Ne5 Bxe2 9. Qxe2 Bxe5 10. dxe5 Qh4 11. Na3 O-O-O 12. Nc4 h5 13. a4 Qg4 14. f3
Qf5 15. Bd2 Nb6 16. Be3 Nxc4 17. Qxc4 Qxe5 18. Rfe1 Qf5 19. b4 h4 20. h3 Rd5
21. Rad1 a6 22. Rxd5 Qxd5 23. Qxd5 exd5 24. b5 axb5 25. axb5 Nd8 26. Bf2 Ne6
27. Ra1 Kd7 28. Ra7 Nd8 29. Ra8 g5 30. Be3 f6 31. Bd4 Rf8 32. Ra7 Rf7 33. Kf2
Kd6 34. Kf1 b6 35. Bg1 Re7 36. Ra2 Nb7 37. Rd2 Na5 38. Bd4 Nb3 39. Rc2 Re6 40.
Bg1 Na5 41. Ra2 Nc4 42. Bd4 Kd7 43. Kf2 Nd6 44. Rb2 Ke7 45. g3 hxg3+ 46. Kxg3
Re1 47. Kf2 Rh1 48. Kg2 Rd1 49. Bf2 Rd3 50. Bd4 Kf7 51. Kf2 Nc4 52. Rb1 Rd2+
53. Kg3 Nd6 54. f4 Nf5+ 55. Kf3 Rd3+ 56. Kg2 gxf4 0-1

[Event "Plzen, JF A"]
[Site "?"]
[Date "1998.??.??"]
[Round "4.3"]
[White "Solodovnichenko, Y."]
[Black "Kalod, R."]
[Result "1-0"]
[WhiteElo "2415"]
[BlackElo "2435"]
[PlyCount "81"]
[EventDate "1998.??.??"]
[Source "ChessBase"]
[SourceDate "1996.11.15"]

1. e4 c5 2. Nf3 d6 3. d4 cxd4 4. Nxd4 Nf6 5. Nc3 a6 6. Bg5 e6 7. Qd2 b5 8. Bd3
Bb7 9. f4 Nbd7 10. O-O-O Qb6 11. Nb3 Be7 12. Rhe1 Qc7 13. Bxf6 Nxf6 14. a3 O-O
15. e5 dxe5 16. fxe5 Nd5 17. Nxd5 Bxd5 18. Kb1 Rfd8 19. Qf4 Bf8 20. Nd2 Bxg2
21. Re3 g6 22. h4 Bg7 23. h5 Bb7 24. hxg6 fxg6 25. Qg4 Bd5 26. Rde1 Rf8 27. Rh3
Rf2 28. Qh4 Qf7 29. Ne4 Bxe4 30. Bxe4 Rc8 31. Qxh7+ Kf8 32. Bxg6 Qf4 33. Bd3
Rc5 34. Rh4 Qg3 35. Rhe4 Rxe5 36. Rxe5 Bxe5 37. Qe4 Rf5 38. Qa8+ Kg7 39. Rh1
Rf8 40. Qb7+ Kf6 41. Rh6+ 1-0

[Event "Plzen, JF A"]
[Site "?"]
[Date "1998.??.??"]
[Round "4.4"]
[White "Mihajlovskij, S."]
[Black "Novak, P."]
[Result "1-0"]
[WhiteElo "2310"]
[BlackElo "2210"]
[PlyCount "47"]
[EventDate "1998.??.??"]
[Source "ChessBase"]
[SourceDate "1996.11.15"]

1. d4 Nf6 2. Nf3 g6 3. c4 Bg7 4. Nc3 O-O 5. Bg5 d6 6. e3 c6 7. Qc2 Nbd7 8. Be2
Qc7 9. O-O a6 10. Rac1 Re8 11. Rfd1 b6 12. h3 Bb7 13. b4 e5 14. dxe5 dxe5 15.
Nd2 c5 16. b5 a5 17. Nde4 Nxe4 18. Nxe4 f6 19. Bh4 Bxe4 20. Qxe4 Nf8 21. Bf3
Rad8 22. Qc6 Ne6 23. Bd5 Kf8 24. Bxe6 1-0

[Event "Plzen, JF A"]
[Site "?"]
[Date "1998.??.??"]
[Round "4.5"]
[White "Loidl, F."]
[Black "Virostko, P."]
[Result "1/2-1/2"]
[WhiteElo "2027"]
[BlackElo "2190"]
[PlyCount "96"]
[EventDate "1998.??.??"]
[Source "ChessBase"]
[SourceDate "1996.11.15"]

1. e4 e5 2. Nf3 Nc6 3. d4 exd4 4. c3 d5 5. exd5 Qxd5 6. cxd4 Bg4 7. Nc3 Bb4 8.
Be2 Bxf3 9. Bxf3 Qc4 10. Bxc6+ bxc6 11. Qe2+ Qxe2+ 12. Kxe2 Ne7 13. Be3 O-O 14.
Rac1 Rad8 15. Rhd1 Rd7 16. Na4 Rfd8 17. a3 Ba5 18. Nc5 Rd5 19. Nd3 Bb6 20. Ne5
R5d6 21. a4 a5 22. Nc4 Rd5 23. Bf4 Rxd4 24. Rxd4 Rxd4 25. Be3 Re4 26. Kf3 f5
27. Bxb6 cxb6 28. Nxb6 Rb4 29. Re1 Ng6 30. Nd7 Rb3+ 31. Re3 Nh4+ 32. Ke2 Rxb2+
33. Kf1 Rb4 34. Re8+ Kf7 35. Rc8 Rxa4 36. Rxc6 Ra1+ 37. Ke2 Nxg2 38. Ne5+ Ke7
39. Ra6 Re1+ 40. Kf3 Rxe5 41. Kxg2 Rb5 42. Kg3 Kf7 43. Kf4 h6 44. h4 Rb4+ 45.
Kxf5 Rxh4 46. Ra7+ Kg8 47. f4 Kh7 48. Ke5 Rh1 1/2-1/2

[Event "Plzen, JF A"]
[Site "?"]
[Date "1998.??.??"]
[Round "4.6"]
[White "Cernousek, L."]
[Black "Mach, P."]
[Result "0-1"]
[WhiteElo "2150"]
[BlackElo "1953"]
[PlyCount "94"]
[EventDate "1998.??.??"]
[Source "ChessBase"]
[SourceDate "1996.11.15"]

1. c4 Nf6 2. Nf3 g6 3. g3 Bg7 4. Bg2 d6 5. d4 O-O 6. Nc3 Nbd7 7. O-O e5 8. e4
c6 9. h3 Ne8 10. Re1 Qa5 11. d5 c5 12. a3 a6 13. Bd2 Qd8 14. b4 h6 15. Qc2 f5
16. Qc1 Kh7 17. Rb1 Qf6 18. Kh2 Qf7 19. Re2 Qe7 20. Be1 Bf6 21. Qc2 f4 22. g4
h5 23. gxh5 g5 24. Nd2 Bh8 25. Bf3 Ndf6 26. bxc5 Qd7 27. Bg2 g4 28. f3 gxh3 29.
Bf1 Nxh5 30. cxd6 Rg8 31. Bh4 Bf6 32. Bxf6 Nexf6 33. Rf2 Qg7 34. Ne2 Ng3 35.
Nxf4 exf4 36. e5+ Nf5 37. Bxh3 Qg3+ 38. Kh1 Qxf2 39. Bxf5+ Kh8 40. Nb3 Qh4+ 41.
Qh2 Qxh2+ 42. Kxh2 Bxf5 43. Re1 Rg3 44. Rg1 Rh3+ 45. Kg2 Rg8+ 46. Kf2 Rh2+ 47.
Kf1 Bd3+ 0-1